00214nam a2200085Ia 4500001000800000005001700008008004100025245004100066260002100107107094420250827002115.0250824s9999 xx 000 0 und d 0aİNSAN VE MAKİNEcDANİEL NEWMAN bORENDA YAYINLARI